[Event "GRE-chT 43rd"]
[Site "Porto Rio"]
[Date "2015.10.10"]
[Round "5.4"]
[White "Poulopoulou, Ekaterini"]
[Black "Serpetsidaki, Eva"]
[Result "1/2-1/2"]
[WhiteElo "1698"]
[BlackElo "1756"]
[PlyCount "89"]
[EventDate "2015.10.08"]
[EventType "team-swiss"]
[EventRounds "7"]
[EventCountry "GRE"]
[SourceTitle "CBM 168 Extra"]
[Source "ChessBase"]
[SourceDate "2015.10.29"]
[SourceVersion "1"]
[SourceVersionDate "2015.10.29"]
[SourceQuality "1"]
[WhiteTeam "Panionios GSS"]
[BlackTeam "OFI"]
[WhiteTeamCountry "GRE"]
[BlackTeamCountry "GRE"]

1. d4 Nf6 2. Nf3 e6 3. g3 d5 4. c4 Bb4+ 5. Bd2 Be7 6. Bg2 0-0 7. 0-0 c6 8. Qc2 b6 9. Bg5 Nbd7 10. Nbd2 h6 11. Bxf6 Nxf6 12. Ne5 Bb7 13. Rac1 c5 14. dxc5 Bxc5 15. Rfd1 Bd6 16. Nd3 Qe7 17. cxd5 Nxd5 18. Ne4 Rfc8 19. Qa4 Bc7 20. a3 a6 21. Qb3 Rd8 22. Nec5 Bc8 23. Na4 Rb8 24. Qc2 Rd7 25. Bxd5 exd5 26. Nb4 Bb7 27. Nc6 Bxc6 28. Qxc6 Qe6 29. Rd2 Bd8 30. Qxe6 fxe6 31. Rc6 Kf7 32. e4 Ke7 33. exd5 exd5 34. Nc3 d4 35. Re2+ Kf7 36. Ne4 Be7 37. Rd2 a5 38. Kf1 Rd5 39. f3 b5 40. Ke2 Rbd8 41. Kd3 Rf5 42. f4 Rfd5 43. Rdc2 Ke8 44. Nc5 R8d6 45. Rxd6 1/2-1/2

[Event "GRE-chT 43rd"]
[Site "Porto Rio"]
[Date "2015.10.08"]
[Round "1.8"]
[White "Fragou, Maria V"]
[Black "Poulopoulou, Ekaterini"]
[Result "1-0"]
[WhiteElo "1290"]
[BlackElo "1698"]
[PlyCount "68"]
[EventDate "2015.10.08"]
[EventType "team-swiss"]
[EventRounds "7"]
[EventCountry "GRE"]
[SourceTitle "CBM 168 Extra"]
[Source "ChessBase"]
[SourceDate "2015.10.29"]
[SourceVersion "1"]
[SourceVersionDate "2015.10.29"]
[SourceQuality "1"]
[WhiteTeam "Kalamata Poseidon"]
[BlackTeam "Panionios GSS"]
[WhiteTeamCountry "GRE"]
[BlackTeamCountry "GRE"]

1. e4 c6 2. d4 d5 3. Nc3 dxe4 4. Nxe4 Nd7 5. Nf3 Ngf6 6. Nxf6+ Nxf6 7. Bc4 e6 8. Bg5 Be7 9. Qe2 0-0 10. 0-0-0 Qc7 11. Ne5 Nd5 12. Bd2 a6 13. g4 b5 14. Bb3 Rd8 15. f4 c5 16. Bxd5 Rxd5 17. Be3 c4 18. c3 a5 19. g5 Ba6 20. Kd2 b4 21. Ke1 bxc3 22. bxc3 Rb8 23. h4 Ba3 24. Bc1 Bxc1 25. Rxc1 Qb7 26. Rh2 Rb5 27. Rc2 Rb1+ 28. Kf2 a4 29. Qf3 Qc8 30. Qc6 Qxc6 31. Nxc6 R8b2 32. Kg3 Rg1+ 33. Kh3 Rbb1 34. Rb2 Bb7 1-0

[Event "Attica-ch U16 Girls"]
[Site "Athens"]
[Date "2014.04.14"]
[Round "5.2"]
[White "Salahidou, Reveka"]
[Black "Poulopoulou, Ekaterini"]
[Result "1/2-1/2"]
[WhiteElo "1733"]
[BlackElo "1556"]
[PlyCount "60"]
[EventDate "2014.04.11"]
[EventType "swiss"]
[EventRounds "7"]
[EventCountry "GRE"]
[SourceTitle "EXT 2024"]
[Source "ChessBase"]
[SourceDate "2023.10.10"]
[SourceVersion "1"]
[SourceVersionDate "2023.10.10"]
[SourceQuality "1"]

1. e4 c6 2. Nc3 d5 3. Nf3 Bg4 4. h3 Bxf3 5. Qxf3 e6 6. g3 Nf6 7. d3 Nbd7 8. Bg2 Be7 9. 0-0 0-0 10. Qe2 d4 11. Nd1 e5 12. c3 Nc5 13. c4 a5 14. f4 Bd6 15. Nf2 b5 16. cxb5 cxb5 17. Ng4 Nxg4 18. hxg4 Ra6 19. f5 Be7 20. b3 Bg5 21. Kf2 Be3+ 22. Kf3 Rh6 23. Rd1 Bg5 24. Bd2 b4 25. Rac1 Na6 26. Rh1 Rxh1 27. Rxh1 Nc7 28. Rh5 Bxd2 29. Qxd2 Nb5 30. Bf1 f6 1/2-1/2

[Event "GRE-ch U18 Girls"]
[Site "Thessaloniki"]
[Date "2014.01.08"]
[Round "7"]
[White "Poulopoulou, Ekaterini"]
[Black "Koukouraki, Hrisi"]
[Result "1-0"]
[WhiteElo "1567"]
[BlackElo "1047"]
[PlyCount "43"]
[EventDate "2014.01.02"]
[EventType "swiss"]
[EventRounds "7"]
[EventCountry "GRE"]
[SourceTitle "EXT 2017"]
[Source "ChessBase"]
[SourceDate "2016.10.25"]
[SourceVersion "1"]
[SourceVersionDate "2016.10.25"]
[SourceQuality "1"]

1. e4 e5 2. Nf3 Nc6 3. d4 exd4 4. Nxd4 Bc5 5. Be3 Qf6 6. c3 Nge7 7. Qd2 h6 8. Nb5 Bd6 9. Nxd6+ cxd6 10. Na3 Qe5 11. Nc4 Qe6 12. Nxd6+ Kf8 13. Bc4 Qg6 14. f4 f5 15. e5 b6 16. 0-0 Nb8 17. Bf7 Qh7 18. Bd5 Nbc6 19. Bc4 Nb8 20. Nxc8 Nxc8 21. Qd5 Nc6 22. Qf7# 1-0

[Event "GRE-chT 40th"]
[Site "Achaia"]
[Date "2012.07.05"]
[Round "7.9"]
[White "Poulopoulou, Ekaterini"]
[Black "Serpetsidaki, Eva"]
[Result "1/2-1/2"]
[WhiteElo "1444"]
[BlackElo "1414"]
[PlyCount "28"]
[EventDate "2012.06.30"]
[EventType "team-swiss"]
[EventRounds "7"]
[EventCountry "GRE"]
[SourceTitle "CBM 149 Extra"]
[Source "ChessBase"]
[SourceDate "2012.08.24"]
[SourceVersion "1"]
[SourceVersionDate "2012.08.24"]
[SourceQuality "1"]
[WhiteTeam "Panionios"]
[BlackTeam "OFI"]
[WhiteTeamCountry "GRE"]
[BlackTeamCountry "GRE"]

1. e4 e6 2. d4 d5 3. Nd2 c5 4. c3 Nc6 5. Bb5 Qb6 6. Qe2 dxe4 7. Bxc6+ Qxc6 8. Qxe4 Qxe4+ 9. Nxe4 cxd4 10. cxd4 Bd7 11. Nc3 Bc6 12. f3 Ne7 13. Nce2 Nf5 14. Kf2 Be7 1/2-1/2

[Event "GRE-chT 40th"]
[Site "Achaia"]
[Date "2012.07.04"]
[Round "6.6"]
[White "Poulopoulou, Ekaterini"]
[Black "Kalyva, Kyriaki"]
[Result "1-0"]
[WhiteElo "1444"]
[BlackElo "1418"]
[PlyCount "95"]
[EventDate "2012.06.30"]
[EventType "team-swiss"]
[EventRounds "7"]
[EventCountry "GRE"]
[SourceTitle "CBM 149 Extra"]
[Source "ChessBase"]
[SourceDate "2012.08.24"]
[SourceVersion "1"]
[SourceVersionDate "2012.08.24"]
[SourceQuality "1"]
[WhiteTeam "Panionios"]
[BlackTeam "Patron"]
[WhiteTeamCountry "GRE"]
[BlackTeamCountry "GRE"]

1. e4 c5 2. Nc3 d6 3. g3 Nf6 4. Bg2 Bg4 5. Nge2 e6 6. d3 Be7 7. Be3 Nc6 8. Qd2 0-0 9. 0-0 d5 10. exd5 exd5 11. d4 b6 12. dxc5 bxc5 13. Nf4 Be6 14. Nfxd5 Nxd5 15. Nxd5 Bxd5 16. Qxd5 Nb4 17. Qxa8 Qxa8 18. Bxa8 Rxa8 19. c3 Nc2 20. Rac1 Nxe3 21. fxe3 c4 22. Rfd1 Bc5 23. Re1 Rb8 24. Re2 g6 25. Kg2 Rb7 26. e4 Re7 27. Kf3 f6 28. Rd1 Rb7 29. Rd8+ Bf8 30. Red2 Rc7 31. R2d7 Rxd7 32. Rxd7 Bc5 33. Rc7 Bb6 34. Rxc4 Kf7 35. Kf4 Ke6 36. Rc6+ Ke7 37. e5 fxe5+ 38. Kxe5 Kd7 39. Kd5 Bg1 40. h3 Bb6 41. c4 Bc7 42. g4 Bb8 43. Ra6 Kc7 44. b4 Kd7 45. a4 Kd8 46. c5 Kd7 47. h4 Kd8 48. h5 1-0

[Event "GRE-chT 40th"]
[Site "Achaia"]
[Date "2012.07.01"]
[Round "2.8"]
[White "Peskelidou, Emanouela"]
[Black "Poulopoulou, Ekaterini"]
[Result "1-0"]
[WhiteElo "1548"]
[BlackElo "1444"]
[PlyCount "123"]
[EventDate "2012.06.30"]
[EventType "team-swiss"]
[EventRounds "7"]
[EventCountry "GRE"]
[SourceTitle "CBM 149 Extra"]
[Source "ChessBase"]
[SourceDate "2012.08.24"]
[SourceVersion "1"]
[SourceVersionDate "2012.08.24"]
[SourceQuality "1"]
[WhiteTeam "Florinas"]
[BlackTeam "Panionios"]
[WhiteTeamCountry "GRE"]
[BlackTeamCountry "GRE"]

1. e4 c5 2. Nc3 Nc6 3. g3 d6 4. Bg2 g6 5. d3 Bg7 6. Be3 e5 7. Qd2 Nge7 8. Bh6 0-0 9. h4 Nd4 10. 0-0-0 Bxh6 11. Qxh6 Kh8 12. h5 Ng8 13. Qe3 Nf6 14. hxg6 fxg6 15. f3 Nh5 16. Nge2 Nxe2+ 17. Nxe2 Qf6 18. Rh2 Rf7 19. Rdh1 Qe7 20. Qd2 Be6 21. Kb1 Rc8 22. g4 Nf6 23. Qg5 Rg7 24. Rh6 Qf7 25. a3 Ng8 26. R6h2 Qf6 27. Qd2 Rf7 28. Ng1 Qe7 29. Nh3 Nf6 30. Ng5 Rg7 31. Nxe6 Qxe6 32. g5 Nd7 33. Bh3 Qf7 34. Bg4 Rc7 35. Qa5 b6 36. Qb5 Nb8 37. a4 Rb7 38. Bc8 Rc7 39. Bg4 Rb7 40. a5 bxa5 41. Qxa5 Qf4 42. Qd8+ Rg8 43. Qxd6 Qxg5 44. Qxc5 Qf6 45. Qd5 Rc7 46. Qa5 Rb7 47. Qd2 Qb6 48. b3 Qf6 49. Rh6 Rgg7 50. Qg2 Qf7 51. Kb2 Nc6 52. Qh2 a5 53. Ra1 Ra7 54. Ra4 Qe7 55. Qd2 Rf7 56. Rc4 Qe8 57. Qc3 Rfc7 58. Rh1 Qb8 59. Rxc6 Rxc6 60. Qxc6 a4 61. Qf6+ Kg8 62. Be6+ 1-0

[Event "GRE-ch U14 Girls"]
[Site "Rio Achaia"]
[Date "2012.06.28"]
[Round "6.5"]
[White "Skiadaresi, Antonia"]
[Black "Poulopoulou, Ekaterini"]
[Result "0-1"]
[WhiteElo "1317"]
[BlackElo "1444"]
[PlyCount "74"]
[EventDate "2012.06.24"]
[EventType "swiss"]
[EventRounds "7"]
[EventCountry "GRE"]
[SourceTitle "EXT 2024"]
[Source "ChessBase"]
[SourceDate "2023.10.10"]
[SourceVersion "1"]
[SourceVersionDate "2023.10.10"]
[SourceQuality "1"]

1. d4 Nf6 2. g3 e6 3. Bg2 d5 4. Nf3 b5 5. 0-0 Nbd7 6. b3 Be7 7. c4 bxc4 8. bxc4 Bb7 9. Ne5 0-0 10. Nc3 c6 11. e4 dxe4 12. Nxe4 Nxe5 13. dxe5 Nxe4 14. Bxe4 Qc7 15. Bb2 Rfd8 16. Qe2 c5 17. Rad1 Bxe4 18. Qxe4 Qa5 19. Qc2 Rab8 20. f4 Rxd1 21. Rxd1 Qxa2 22. Rd2 Qb3 23. Qxb3 Rxb3 24. Rd7 Bf8 25. Rd2 Rb4 26. Rc2 Be7 27. Kg2 Kf8 28. Kf3 Ke8 29. Ke4 Kd7 30. g4 Rb3 31. f5 Bg5 32. Re2 a5 33. fxe6+ Kxe6 34. Ba1 a4 35. h4 Bxh4 36. Kf4 h6 37. Rh2 Bg5+ 0-1

[Event "Attica-ch U14 Girls"]
[Site "Peristeri"]
[Date "2012.04.22"]
[Round "7"]
[White "Kokkota, Eleni"]
[Black "Poulopoulou, Ekaterini"]
[Result "0-1"]
[WhiteElo "1456"]
[BlackElo "1444"]
[PlyCount "106"]
[EventDate "2012.04.17"]
[EventType "swiss"]
[EventRounds "7"]
[EventCountry "GRE"]
[SourceTitle "EXT 2024"]
[Source "ChessBase"]
[SourceDate "2023.10.10"]
[SourceVersion "1"]
[SourceVersionDate "2023.10.10"]
[SourceQuality "1"]

1. e4 c6 2. d4 d5 3. Nd2 dxe4 4. Nxe4 Nd7 5. Bf4 Ngf6 6. Bd3 Nxe4 7. Bxe4 Nf6 8. Bf3 Bf5 9. Ne2 e6 10. 0-0 Bd6 11. Bg3 0-0 12. c3 Ne4 13. Bxd6 Qxd6 14. Bxe4 Bxe4 15. Ng3 Bg6 16. Qe2 Qd5 17. Rfe1 Rad8 18. Qe5 b6 19. Qxd5 Rxd5 20. Re2 Rfd8 21. Rae1 c5 22. dxc5 Rxc5 23. Ne4 Rcd5 24. f3 Rd1 25. Rxd1 Rxd1+ 26. Kf2 Kf8 27. Rd2 Rxd2+ 28. Nxd2 Ke7 29. Ke3 Kd6 30. b4 Kd5 31. c4+ Kd6 32. f4 f6 33. Ne4+ Bxe4 34. Kxe4 e5 35. g3 g6 36. fxe5+ fxe5 37. c5+ bxc5 38. bxc5+ Kxc5 39. Kxe5 Kb4 40. Kd4 Ka3 41. Kc4 Kxa2 42. Kb5 Kb3 43. Ka6 Kc3 44. Kxa7 Kd3 45. Kb6 Ke3 46. Kc5 Kf2 47. g4 Kg2 48. g5 Kxh2 49. Kd5 Kg3 50. Ke5 Kf3 51. Kf6 Kf4 52. Kg7 Kxg5 53. Kxh7 Kf5 0-1

[Event "Attica-ch U14 Girls"]
[Site "Peristeri"]
[Date "2012.04.20"]
[Round "5"]
[White "Poulopoulou, Ekaterini"]
[Black "Psofimi, Milia"]
[Result "0-1"]
[WhiteElo "1444"]
[BlackElo "1438"]
[PlyCount "168"]
[EventDate "2012.04.17"]
[EventType "swiss"]
[EventRounds "7"]
[EventCountry "GRE"]
[SourceTitle "EXT 2024"]
[Source "ChessBase"]
[SourceDate "2023.10.10"]
[SourceVersion "1"]
[SourceVersionDate "2023.10.10"]
[SourceQuality "1"]

1. e4 e5 2. Nf3 Nf6 3. Nxe5 d6 4. Nf3 Nxe4 5. d4 Bg4 6. Bd3 Nf6 7. 0-0 Be7 8. h3 Bh5 9. Bf4 Nbd7 10. Re1 0-0 11. c3 Re8 12. Nbd2 Nd5 13. Bg3 Bf8 14. Qc2 Rxe1+ 15. Rxe1 Bg6 16. Bxg6 hxg6 17. Bh4 Qc8 18. Qb3 N5f6 19. Ng5 d5 20. c4 c6 21. Ndf3 dxc4 22. Qxc4 Nd5 23. Qd3 Be7 24. Qe4 Bb4 25. Re2 N7f6 26. Qc2 Nd7 27. a3 Bd6 28. Nxf7 Kxf7 29. Ng5+ Kg8 30. Qxg6 N7f6 31. Qf7+ Kh8 32. Qg6 Qd7 33. Nf7+ Kg8 34. Nh6+ Kf8 35. Bxf6 Nxf6 36. Nf5 Re8 37. Rxe8+ Nxe8 38. Qh7 Nf6 39. Qh8+ Ng8 40. Nxd6 Qxd6 41. Qh4 Qf6 42. Qg3 Qd8 43. Qf4+ Qf6 44. Qb8+ Kf7 45. Qxb7+ Qe7 46. Qb3+ Kg6 47. Qd3+ Kh6 48. Qd2+ Qg5 49. Qe1 Qf6 50. Qe3+ Kg6 51. Qe4+ Kf7 52. Qd3 Ne7 53. Qb3+ Qe6 54. Qf3+ Kg8 55. Qe3 Qxe3 56. fxe3 Kf7 57. Kf2 Kf6 58. Kf3 Nd5 59. e4 Nb6 60. b3 Nc8 61. e5+ Ke6 62. Ke4 Ne7 63. g4 g5 64. b4 Nd5 65. Kf3 Nc7 66. Kg3 Kd5 67. h4 Kxd4 68. hxg5 Kxe5 69. Kh4 Ke6 70. Kh5 Kf7 71. Kh6 Ne6 72. g6+ Kg8 73. g7 Nd4 74. Kg6 Nc2 75. Kf6 Nxa3 76. Ke6 Nc2 77. Kd6 Nxb4 78. Kc5 a5 79. Kc4 Kxg7 80. Kb3 c5 81. Ka4 c4 82. Ka3 c3 83. Kb3 c2 84. Kb2 a4 0-1

[Event "Attica-ch U14 Girls"]
[Site "Peristeri"]
[Date "2012.04.19"]
[Round "4"]
[White "Skiadaresi, Antonia"]
[Black "Poulopoulou, Ekaterini"]
[Result "1/2-1/2"]
[WhiteElo "1253"]
[BlackElo "1444"]
[PlyCount "63"]
[EventDate "2012.04.17"]
[EventType "swiss"]
[EventRounds "7"]
[EventCountry "GRE"]
[SourceTitle "EXT 2024"]
[Source "ChessBase"]
[SourceDate "2023.10.10"]
[SourceVersion "1"]
[SourceVersionDate "2023.10.10"]
[SourceQuality "1"]

1. Nf3 Nf6 2. d4 e6 3. g3 d5 4. Bg2 Be7 5. 0-0 b6 6. c4 Bb7 7. Nbd2 0-0 8. Qc2 Nbd7 9. b3 Rc8 10. Bb2 c5 11. Ne5 Ba8 12. dxc5 Bxc5 13. Rac1 Qc7 14. Nxd7 Nxd7 15. Qb1 dxc4 16. Bxa8 Rxa8 17. Nxc4 b5 18. Nd2 Qb6 19. Qa1 f6 20. Ne4 Be7 21. Rfd1 Qb7 22. Nd6 Bxd6 23. Rxd6 e5 24. Rcc6 Rac8 25. Qc1 Nb8 26. Rxc8 Rxc8 27. Qd2 Qc7 28. Rd3 Qb6 29. Rd6 Qc7 30. Rd3 Qb6 31. Rd6 Qc7 32. Rd3 1/2-1/2